Teichmuller theory and applications to Geometry, Topology, and Dynamics

Guardado en:
Detalles Bibliográficos
Autores principales: Hubbard, John Hamal (Autor), Douady, Adrien (Autor), Dunbar, William (Autor), Roeder, Roland (Autor), Bonnot, Sylvain (Autor), Brown, David (Autor), Hatcher, Allen (Autor), Hruska, Chris (Autor), Mitra, Sudeb (Autor)
Formato: Libro
Lenguaje:inglés
Publicado: Ithaca, NY., USA: Matrix Editions, 2006
Materias:
Etiquetas: Agregar Etiqueta
Sin Etiquetas, Sea el primero en etiquetar este registro!

MARC

LEADER 00000cam a2200000 a 4500
001 UCC7445
003 CL-VaPUC
005 20250221122529.0
008 190329e20060000us |||||||||||||||||eng|d
999 |c 374082  |d 374080 
020 |a 978-0-971576-62-9 v.1 
020 |a 978-1-943863-00-6 v.2 
020 |a 978-1-943863-01-3 v.3 
040 |c Pontificia Universidad Católica de Valparaíso 
082 0 4 |a 515.9 HUB 2006  |2 21 
100 0 |a Hubbard, John Hamal  |e author  |9 602053 
245 1 0 |a Teichmuller theory and applications to Geometry, Topology, and Dynamics 
260 |a Ithaca, NY., USA:   |b Matrix Editions,   |c 2006 
300 |a 3 volúmenes  
505 |a v.1: Teichmüller theory. v.2: Surface Homeomorphisms and Rational Functions v.3: Manifolds that Fiber over the Circle 
583 |a last modification  |c 20190329 16:06:00  |k Rodrigo Vera 
650 0 |a Espacios de Teichmüller  |2 CL-VaPUC  |9 424968 
650 0 |a Superficies de Riemann  |2 CL-VaPUC  |9 270682 
650 0 |a Homeomorfismos.  |9 868813 
650 0 |a Funciones de variables complejas  |9 260212 
700 0 |a Douady, Adrien  |e author  |9 602054 
700 0 |a Dunbar, William  |e author  |9 602055 
700 0 |a Roeder, Roland  |e author  |9 602056 
700 0 |a Bonnot, Sylvain  |e author  |9 602057 
700 0 |a Brown, David  |e author  |9 602058 
700 0 |a Hatcher, Allen  |e author  |9 602059 
700 0 |a Hruska, Chris  |e author  |9 602060 
700 0 |a Mitra, Sudeb  |e author  |9 602061 
942 |c BK  |2 ddc 
945 |d 20190329 16:06:00  |a dcastane 
952 |0 0  |1 0  |2 ddc  |3 erd  |4 0  |6 515_900000000000000_HUB_2006  |7 0  |8 A  |9 492443  |a BIBMAT  |b BIBMAT  |h v.1  |i 5540119  |o 515.9 HUB 2006  |p 5540119  |r 2025-01-07  |t 1  |w 2019-11-24  |y BK  |z Catalogado en:20190329  |k MAT 
952 |0 0  |1 0  |2 ddc  |3 erd  |4 0  |6 515_900000000000000_HUB_2006  |7 0  |8 A  |9 492444  |a BIBMAT  |b BIBMAT  |h v.2  |i 5540127  |o 515.9 HUB 2006  |p 5540127  |r 2025-01-07  |t 1  |w 2019-11-24  |y BK  |z Catalogado en:20190329  |k MAT 
952 |0 0  |1 0  |2 ddc  |4 0  |6 515_900000000000000_HUB_2006  |7 0  |8 A  |9 582786  |a BIBMAT  |b BIBMAT  |c GEN  |d 2022-04-27  |e 161  |g 117256.32  |h v.3  |i 5650970  |o 515.9 HUB 2006  |p 5650970  |r 2025-01-07  |t 1  |v 117256.32  |w 2022-04-27  |y BK  |k MAT